| 000 | 00637nam a2200217Ii 4500 | ||
|---|---|---|---|
| 001 | 1234 | ||
| 003 | CO-ViMGA | ||
| 008 | 241108s9999||||xx |||||||||||||| ||und|| | ||
| 020 | _a8478886125 | ||
| 040 |
_aCO-ViMGA _bspa _erda _cCO-ViMGA |
||
| 041 | 0 | _aspa | |
| 084 | _aN ROW1 | ||
| 100 | 1 |
_aJoanne Kathleen Rowling _948574 |
|
| 245 | 1 | 0 | _aHarry Potter y la piedra filosofal |
| 264 | 1 | _a[Lugar de publicación no identificado] : Salamandra, 2001 | |
| 300 | _avolumen | ||
| 336 |
_atext _btxt _2rdacontent |
||
| 337 |
_aunmediated _bn _2rdamedia |
||
| 338 |
_avolume _bnc _2rdacarrier |
||
| 940 | _aidficha_siabuc: 1210. -- ficha_no_siabuc:1234 | ||
| 999 |
_c43216 _d43216 |
||